Sports Quiz

Random Sports Quiz

2017 Sweet 16 Teams Quiz Stats

 Plays Quiz not verified by Sporcle

Challenge
Share
Tweet
Embed
Score 0/16 Timer 04:00
0 Plays Today
Region/Seed Answer % Correct
South/1North Carolina
92%
West/1Gonzaga
88%
East/8Wisconsin
86%
Midwest/1Kansas
86%
East/4Florida
80%
East/7South Carolina
80%
Midwest/3Oregon
80%
Midwest/7Michigan
80%
Region/Seed Answer % Correct
South/2Kentucky
78%
South/3UCLA
76%
West/2Arizona
74%
West/11Xavier
72%
South/4Butler
68%
East/3Baylor
68%
Midwest/4Purdue
66%
West/4W. Virginia
64%

You're not logged in!

Compare scores with friends on all Sporcle quizzes.
Join for Free
OR
Log In

You Might Also Like...

Show Comments

Extras

Created Mar 20, 2017ReportNominate
Tags:region, seed, sweet, Sweet 16, team

Top Quizzes Today


Score Distribution

Your Account Isn't Verified!

In order to create a playlist on Sporcle, you need to verify the email address you used during registration. Go to your Sporcle Settings to finish the process.

Report this User

Report this user for behavior that violates our Community Guidelines.

Details: